Catalog

Record Details

Catalog Search



Druhá světová válka a československý odboj

Record details

  • ISBN: 80-208-0292-4 (brož.)
  • Physical Description: 99 s
  • Edition: 1. vyd
  • Publisher: Praha : Práce, 1993

Available copies

  • 1 of 1 copy available at Common Catalog SPOK.

Holds

  • 0 current holds with 1 total copy.
Show Only Available Copies
Location Call Number / Copy Notes Barcode Shelving Location Status Due Date
Terezin Initiative Institute 655 4594300655 Knihovna ITI Available -

LDR 00653nam a2200241 a 4500
00125534
003CZ-PrJAB
00520220904051113.0
008940331s1993 xr gr 0 cze
015 . ‡acnb000078496
020 . ‡a80-208-0292-4 (brož.)
035 . ‡a(CONS)337
035 . ‡a(CZ PrSKC)vkol000037012
035 . ‡a(OCoLC)39581364
040 . ‡aOLA001 ‡bcze
080 . ‡a940.53(075.2)
080 . ‡a940.53/.54
1001 . ‡aJožák, Jiří, ‡d1945-2006 ‡7jn20000401261
24510. ‡aDruhá světová válka a československý odboj
250 . ‡a1. vyd
260 . ‡aPraha : ‡bPráce, ‡c1993
300 . ‡a99 s
4900 . ‡aDějepis. Nová doba
4900 . ‡aUčebnice pro zákl. šk
8524 . ‡bJACH-ITI ‡bJACH-ITI ‡cKnihovna ITI ‡j655 ‡p655 ‡y$0.00
910 . ‡aABE340 ‡b655
995 . ‡askok
901 . ‡a25534 ‡bISxN ‡c25534 ‡tbiblio

Additional Resources